00330nam a2200121Ia 4500003000400000008004100004020002200045040000800067100002500075245005000100260004900150300000900199LDD181101s9999 xx 000 0 und d a8171600743c50.00 cLDD aKhan, Nawab Mohabbat 0aMasnavi israr-e-mohabbatcNawab Mohabbat Khan aNew DelhibAnjuman Taraqqi Urdu (Hind)c1996 a95p.